• 首页
  • 本馆介绍
  • 公告通知
  • 最新文献
  • 馆藏检索
  • 电子资源
  • 读者导购
  • 参考咨询
  • 我的图书馆
  • 登录
  • 详细信息显示
  • 放入我的书架
  • 预约/预借图书
  • 作者相关作品
  • 分类相关作品
  • 丛书相关作品
  • 出版社相关作品

书目信息

  • 表格格式
  • 工作单格式
  • 卡片格式
题名:
老舍作品集
    
 
作者: 老舍, 著 ;庞俭克 选编
分册:   小说卷
出版信息: 北京   现代出版社  2019.01
页数: 367页
开本: 23cm
丛书名:
单 册:
中图分类: I216.2 , I247.56
科图分类:
主题词: 中国文学--zhong guo wen xue--现代文学--作品集 , 长篇小说--chang pian xiao shuo--中国--现代 , 中篇小说--zhong pian xiao shuo--小说集--中国--现代 , 短篇小说--duan pian xiao shuo--小说集--中国--现代
电子资源:
ISBN: 978-7-5143-7451-3
000 01251nam 2200313 450
001 CAL 0120182652309
005 20230217093112.0
010    @a978-7-5143-7451-3@dCNY58.00
100    @a20190122d2019 em y0chiy0120 ea
101 0  @achi
102    @aCN@b110000
105    @ay z 000ay
106    @ar
200 1  @a老舍作品集@Alao she zuo pin ji@i小说卷@f老舍著@g庞俭克选编
210    @a北京@c现代出版社@d2019.01
215    @a367页@d23cm
314    @a老舍, 中国现代著名小说家、戏剧家, 新中国第一位获得“人民艺术家”称号的作家。
330    @a本书收入了老舍的长篇小说《骆驼祥子》, 中篇小说《月牙儿》《我这一辈子》, 短篇小说《微神》《断魂枪》等小说17篇。老舍的小说多取材于城市下层百姓生活, 以浓郁的市井风味和北京地方色彩见长, 具有鲜明的风格。
517 1  @a小说卷@Axiao shuo juan
606 0  @a中国文学@Azhong guo wen xue@x现代文学@x作品集
606 0  @a长篇小说@Achang pian xiao shuo@y中国@z现代
606 0  @a中篇小说@Azhong pian xiao shuo@x小说集@y中国@z现代
606 0  @a短篇小说@Aduan pian xiao shuo@x小说集@y中国@z现代
690    @aI216.2@v5
690    @aI247.56@v5
701  0 @a老舍,@Alao she@f1899-1966@4著
702  0 @a庞俭克@Apang jian ke@4选编
801  0 @aCN@bBJXHZP@c20230222
905    @b1378398-401@dI216.2@e1133@f4@S@Z
    
    老舍作品集.小说卷/老舍著/庞俭克选编.-北京:现代出版社,2019.01
    367页;23cm
    
    
    ISBN 978-7-5143-7451-3:CNY58.00
    本书收入了老舍的长篇小说《骆驼祥子》, 中篇小说《月牙儿》《我这一辈子》, 短篇小说《微神》《断魂枪》等小说17篇。老舍的小说多取材于城市下层百姓生活, 以浓郁的市井风味和北京地方色彩见长, 具有鲜明的风格。
●
相关链接 在E读中查询图书 在五车中查询图书 在当当中查询图书 在豆瓣中查询图书


正题名:老舍作品集     索取号:I216.2/1133         预约/预借

序号 登录号 条形码 馆藏地/架位号 状态 备注
1 1378398   213783985   第一样本阅览室/ [索取号:I216.2/1133] 在馆    
2 1378399   213783994   第二借阅区/ [索取号:I216.2/1133] 在馆    
3 1378400   213784001   第二借阅区/ [索取号:I216.2/1133] 在馆    
4 1378401   213784010   第二借阅区/ [索取号:I216.2/1133] 已借出,限还日期为2026.06.10
借出人:李敏贤  
 
唐山师范学院图书馆 欢迎您!
大连网信软件有限公司© 版权所有